|
|
|
|
| LEADER |
01069nam a2200265 a 4500 |
| 001 |
00025188 |
| 008 |
120604s2010 enka 000 1 eng d |
| 020 |
|
|
|a 9780194247078
|
| 020 |
|
|
|a 9780194246712
|
| 040 |
|
|
|a BD-DhAAL
|c BD-DhAAL
|
| 082 |
0 |
0 |
|a 428.6
|2 22
|
| 100 |
1 |
|
|a Shakespeare,William
|d 1564-1616
|
| 245 |
1 |
4 |
|a The tempest /
|c William Shakespeare;Text adaptation by Bill Bowler; Illustrator by Andy Parker
|
| 260 |
|
|
|a Oxford ;
|a New York :
|b Oxford University Press,
|c 2010.
|
| 300 |
|
|
|a 51 p. :
|b ill.(chiefly col.) ;
|c 21 cm.
|
| 490 |
1 |
|
|a Dominoes
|
| 500 |
|
|
|a Series editor:Bill Bowler and Sue Parminter
|
| 541 |
1 |
|
|e 00025188
|
| 650 |
|
0 |
|a Readers
|
| 610 |
1 |
|
|a Shakespeare, William,
|y 1564-1616
|x Adaptations.
|
| 700 |
1 |
|
|a Bowler,Bill.
|
| 700 |
1 |
|
|a Parker,Andy.
|
| 852 |
1 |
|
|a Ayesha Abed Library
|j General shelf
|
| 999 |
|
|
|c 12346
|d 12346
|
| 952 |
|
|
|0 0
|1 0
|2 ddc
|4 0
|6 428_600000000000000_SHA
|7 0
|9 20400
|a BRACUL
|b BRACUL
|c GEN
|d 2012-06-04
|e Paragon
|g 130.00
|l 4
|m 25
|o 428.6 SHA
|p 3010025188
|r 2025-08-30
|s 2025-05-22
|t 1
|w 2012-06-04
|y BK
|x Transferred from BIL to BRACUL on 06/06/22
|